Match Cities to States: Click Quiz #3 - Statistics

General Stats
  • This quiz has been taken 100 times
  • The average score is 16 of 20
Answer Stats
Hint Answer % Correct
Clearwater, Hialeah, Orlando Florida
100%
Rochester, Syracuse, Yonkers New York
96%
Shreveport, Lafayette, New Orleans Louisiana
93%
Bethesda, Ocean City, Baltimore Maryland
91%
Allentown, Scranton, Pittsburgh Pennsylvania
91%
Atlantic City, Newark, Princeton New Jersey
87%
Asheville, Charlotte, Durham North Carolina
84%
Broken Arrow, Norman, Tulsa Oklahoma
84%
Tuscaloosa, Huntsville, Mobile Alabama
81%
New Haven, Stamford, Bridgeport Connecticut
81%
Athens, Augusta, Savannah Georgia
81%
Greenville, Charleston, Myrtle Beach South Carolina
81%
Wilmington, Smyrna, Dover Delaware
80%
Lewiston, Bangor, Portland Maine
80%
Worcester, Cambridge, Lowell Massachusetts
78%
Gulfport, Biloxi, Tupelo Mississippi
71%
Nashua, Manchester, Concord New Hampshire
70%
Burlington, Rutland, Montpelier Vermont
67%
Chesapeake, Norfolk, Newport News Virginia
67%
Cranston, Warwick, Pawtucket Rhode Island
65%
No matching quizzes found
Score Distribution
Percent of People with Each Score
Percentile by Number Answered
Your Score History
You have not taken this quiz